VARIETA' (Record n. 104911)
[ formato base ]
| 000 -LEADER | |
|---|---|
| fixed length control field | 01545agaaa2200325 4500 |
| 001 - CONTROL NUMBER | |
| control field | 1596 |
| 003 - CONTROL NUMBER IDENTIFIER | |
| control field | IT-RoPAU |
| 005 - DATE AND TIME OF LATEST TRANSACTION | |
| control field | 20220918181226.0 |
| 007 - PHYSICAL DESCRIPTION FIXED FIELD--GENERAL INFORMATION | |
| fixed length control field | d cvaizq |
| 008 - FIXED-LENGTH DATA ELEMENTS--GENERAL INFORMATION | |
| fixed length control field | 50131s9999||||xx ||| | || ||und|| |
| 040 ## - CATALOGING SOURCE | |
| Original cataloging agency | IT-RoPAU |
| Transcribing agency | IT-RoPAU |
| 041 ## - LANGUAGE CODE | |
| Language code of text/sound track or separate title | ITALIANO |
| 100 ## - MAIN ENTRY--PERSONAL NAME | |
| Personal name | Scaparro Maurizio |
| Miscellaneous information | Codice regista SPICS: 1708 |
| 9 (RLIN) | 38358 |
| 130 ## - MAIN ENTRY--UNIFORM TITLE | |
| Uniform title | VARIETA' |
| 9 (RLIN) | 38359 |
| 245 ## - TITLE STATEMENT | |
| Title | VARIETA' |
| Statement of responsibility, etc. | Sceneggiatura: Testi Scelti Da Oreste Del Buono E Mario Verdone -- Diretto da: Scaparro Maurizio |
| Name of part/section of a work | VARIETA' (Rif. Codice opera principale : 41596) |
| 250 ## - EDITION STATEMENT | |
| Edition statement | Edizione Standard |
| 260 ## - PUBLICATION, DISTRIBUTION, ETC. (IMPRINT) | |
| Place of publication, distribution, etc. | ROMA (ITALIA) |
| Name of publisher, distributor, etc. | TEATRO DELL'OPERA / Distribuzione: RAI |
| Date of manufacture | "1985 (1° ed.: 1986 ; Ed. Lingua Orig.: 1985)" |
| 300 ## - PHYSICAL DESCRIPTION | |
| Extent | VHS |
| Other physical details | sonoro, col. |
| Dimensions | 90 minuti |
| 508 ## - CREATION/PRODUCTION CREDITS NOTE | |
| Creation/production credits note | "Musica: Carpi Fiorenzo; Sceneggiatura: Testi Scelti Da Oreste Del Buono E Mario Verdone; Coreografia: Landi Gino; Soggetto: Del Buono Oreste -- Verdone Mario" |
| 511 ## - PARTICIPANT OR PERFORMER NOTE | |
| Participant or performer note | "Ranieri Massimo; Merlini Marisa; Benti Galeazzo; Brachetti Arturo" |
| 520 ## - SUMMARY, ETC. | |
| Summary, etc. | MASSIMO-RANIERI MARISA-MERLINI GALEAZZO-BENTI ARTURO-BRACHETTI |
| 538 ## - SYSTEM DETAILS NOTE | |
| System details note | PAL, STEREO |
| 546 ## - LANGUAGE NOTE | |
| Language note | ITALIANO |
| 650 ## - SUBJECT ADDED ENTRY--TOPICAL TERM | |
| Topical term or geographic name as entry element | TEATRO |
| Relator term | TV-TEATRO/DANZA [VHS] |
| General subdivision | Codice MATERIA SPICS: 9961 |
| 9 (RLIN) | 38360 |
| 700 ## - ADDED ENTRY--PERSONAL NAME | |
| Personal name | Carpi Fiorenzo |
| Relator term | (musica) |
| Miscellaneous information | Codice Musica SPICS: 13640 |
| 9 (RLIN) | 38361 |
| 700 ## - ADDED ENTRY--PERSONAL NAME | |
| Personal name | Del Buono Oreste |
| Relator term | (soggetto) |
| Miscellaneous information | Codice Soggetto SPICS: 7423 |
| 9 (RLIN) | 38362 |
| 700 ## - ADDED ENTRY--PERSONAL NAME | |
| Personal name | Scaparro Maurizio |
| Relator term | (regista) |
| Miscellaneous information | Codice regista SPICS: 1708 |
| 9 (RLIN) | 38363 |
| 700 ## - ADDED ENTRY--PERSONAL NAME | |
| Personal name | Verdone Mario |
| Relator term | (soggetto) |
| Miscellaneous information | Codice Soggetto 2° SPICS: 86 |
| 9 (RLIN) | 38364 |
| 942 ## - ADDED ENTRY ELEMENTS (KOHA) | |
| Koha item type | VHS - VIDEO |
| Source of classification or shelving scheme | Dewey Decimal Classification |
| Withdrawn status | Lost status | Damaged status | Not for loan | Home library | Current library | Date acquired | Total Checkouts | Full call number | Date last seen | Price effective from | Koha item type | Public note |
|---|---|---|---|---|---|---|---|---|---|---|---|---|
| Buone Condizioni | Not For Loan | SPICS-MEDIATECA | SPICS-MEDIATECA | 31/01/2015 | 41596 | 31/01/2015 | 31/01/2015 | VHS - VIDEO | Progr. Ins.: 2043 / N.Vol.:1 / Copie: 1 / Pag.: / Copia rara: n.d. / date import: 1.2.2015 / By Epidotti, Trombetti, Vaglietti |